Výpočet enantiomerizačnej energie termolabilných opticky aktívnych zlúčenín separovaných plynovou chromatografiou na opticky aktívnych zlúčeninách

Saved in:
Bibliographic Details
Main Author: Bajdichová, Marianna (Author)
Format: Manuscript Book
Language:Slovak
Published: Bratislava : STU v Bratislave ChtF, 2000
Edition:Obháj.:6.6.2000
Tags: Add Tag
No Tags, Be the first to tag this record!

MARC

LEADER 00000ntm a22000003a 4500
001 stu53914
005 20150617225704.5
008 000608s2000----xo------------------slo-d
040 |a STU  |b slo 
041 0 |a slo 
044 |a xo 
100 1 |a Bajdichová, Marianna  |4 aut 
245 1 |a Výpočet enantiomerizačnej energie termolabilných opticky aktívnych zlúčenín separovaných plynovou chromatografiou na opticky aktívnych zlúčeninách 
250 |a Obháj.:6.6.2000 
260 |a Bratislava :  |b STU v Bratislave ChtF,  |c 2000 
300 |a 48 s., tab., grafy, lit 
500 |a Špec.:Analytická chémia 
996 |b 284C018437  |c C*D12920  |l CCI  |s A  |a 24  |w stu53914_0001